Economic Outlook for Southeast Asia, China and India 2019 Towards Smart Urban Transportation

Salvato in:
Dettagli Bibliografici
Natura: Libro
Lingua:inglese
Pubblicazione: Paris OECD Development Centre 2018
Serie:Economic Outlook for Southeast Asia, China and India
Soggetti:
Tags: Aggiungi Tag
Nessun Tag, puoi essere il primo ad aggiungerne!!

MARC

LEADER 00000nam a2200000 4500
001 0253753
005 20240314122837.2
020 |a 978-92-64-30768-1 
041 0 |a eng 
044 |a FR 
245 1 0 |a Economic Outlook for Southeast Asia, China and India 2019  |b Towards Smart Urban Transportation 
264 1 |a Paris  |b OECD Development Centre  |c 2018 
300 |a 276 s. 
490 1 |a Economic Outlook for Southeast Asia, China and India 
830 0 |a Economic Outlook for Southeast Asia, China and India 
610 2 0 |a rast hospodársky 
610 2 0 |a rozvoj regionálny 
610 2 0 |a vývoj hospodársky 
610 2 0 |a doprava autobusová 
610 2 0 |a makroekonomika 
610 2 0 |a mestá inteligentné 
610 2 0 |a politika štruktúrna 
610 2 0 |a integrácia regionálna 
610 2 0 |a juhovýchodná Ázia 
610 2 0 |a Čína 
610 2 0 |a India